[Event "HUN-chT U18"]
[Site "Budapest"]
[Date "2022.10.31"]
[Round "1.5"]
[White "Varga, Marko"]
[Black "Csernyik, Mark"]
[Result "0-1"]
[WhiteElo "1020"]
[BlackElo "1973"]
[PlyCount "64"]
[EventDate "2022.10.31"]
[EventType "team-swiss"]
[EventRounds "7"]
[EventCountry "HUN"]
[SourceTitle "CBM 211 Extra"]
[Source "ChessBase"]
[SourceDate "2023.01.31"]
[SourceVersion "1"]
[SourceVersionDate "2023.01.31"]
[SourceQuality "1"]
[WhiteTeam "Tuxera Aquaprofit NSK"]
[BlackTeam "Kobanya Aquarena"]
[WhiteTeamCountry "HUN"]
[BlackTeamCountry "HUN"]

1. e4 c5 2. d4 cxd4 3. c3 Nf6 4. e5 Nd5 5. cxd4 Nc6 6. Nf3 e6 7. Bc4 Nb6 8. Bb3 d5 9. 0-0 Be7 10. Nc3 a6 11. Bc2 Bd7 12. a3 Rc8 13. h4 Bxh4 14. g3 Be7 15. Kg2 Na5 16. Rh1 h6 17. Rh5 Qc7 18. Ng5 Nac4 19. Nxf7 Kxf7 20. Rxh6 Rxh6 21. Bxh6 Rh8 22. Qh5+ Kg8 23. Bg6 Rxh6 24. Bf7+ Kf8 25. Qf3 Nd2 26. Qf4 g5 27. Qxd2 Kxf7 28. Rc1 Qd8 29. f4 Qh8 30. Kf3 g4+ 31. Kxg4 Rh2 32. Qe1 Qh5# 0-1

[Event "Wch U14"]
[Site "Mamaia"]
[Date "2022.09.09"]
[Round "4"]
[White "Vetokhin, Savva"]
[Black "Csernyik, Mark"]
[Result "1-0"]
[WhiteElo "2357"]
[BlackElo "2080"]
[PlyCount "59"]
[EventDate "2022.09.06"]
[EventType "swiss"]
[EventRounds "11"]
[EventCountry "ROU"]
[SourceTitle "CBM 210 Extra"]
[Source "ChessBase"]
[SourceDate "2022.11.30"]
[SourceVersion "1"]
[SourceVersionDate "2022.11.30"]
[SourceQuality "1"]

1. Nf3 Nf6 2. g3 g6 3. Bg2 Bg7 4. d4 0-0 5. c4 d6 6. Nc3 Nc6 7. 0-0 e5 8. dxe5 dxe5 9. Bg5 Be6 10. Qa4 h6 11. Rfd1 Qe7 12. Bxf6 Qxf6 13. Nd2 Qe7 14. Bxc6 bxc6 15. Qxc6 Rab8 16. Nb3 Rb6 17. Nd5 Bxd5 18. Qxd5 e4 19. Qd7 Qxd7 20. Rxd7 Bxb2 21. Rb1 Be5 22. Re7 f6 23. Rd1 Rf7 24. Rd8+ Kg7 25. Ree8 h5 26. Nc5 Rb4 27. Ne6+ Kh6 28. Rh8+ Rh7 29. Rdg8 f5 30. Nf8 1-0

[Event "Wch U14"]
[Site "Mamaia"]
[Date "2022.09.08"]
[Round "3"]
[White "Csernyik, Mark"]
[Black "Brutski, Denis"]
[Result "1-0"]
[WhiteElo "2080"]
[BlackElo "1475"]
[PlyCount "99"]
[EventDate "2022.09.06"]
[EventType "swiss"]
[EventRounds "11"]
[EventCountry "ROU"]
[SourceTitle "CBM 210 Extra"]
[Source "ChessBase"]
[SourceDate "2022.11.30"]
[SourceVersion "1"]
[SourceVersionDate "2022.11.30"]
[SourceQuality "1"]

1. e4 c5 2. Nf3 Nc6 3. d4 cxd4 4. Nxd4 Nf6 5. Nc3 e6 6. Ndb5 a6 7. Nd6+ Bxd6 8. Qxd6 b5 9. Bd3 Qe7 10. Qxe7+ Kxe7 11. f4 Nb4 12. Be3 Nxd3+ 13. cxd3 d5 14. 0-0 Bb7 15. e5 Nd7 16. b4 g6 17. Bd4 h5 18. Rab1 Rhc8 19. Rb3 Rc7 20. g3 Rac8 21. h3 Ba8 22. Rc1 Bb7 23. Kf2 Rc6 24. Ke3 Nb6 25. Bc5+ Ke8 26. g4 Nd7 27. d4 hxg4 28. hxg4 Nb6 29. Rh1 Nc4+ 30. Kd3 R6c7 31. Rbb1 Kd7 32. Rbf1 Rg8 33. Nb1 Kc6 34. Nd2 Rd7 35. Rh6 Bc8 36. Rf3 Kb7 37. Kc3 Rc7 38. Nxc4 bxc4 39. a4 Bd7 40. Bd6 Rcc8 41. Rh7 Be8 42. f5 gxf5 43. gxf5 Ka8 44. fxe6 fxe6 45. b5 axb5 46. axb5 Rg1 47. b6 Rc1+ 48. Kd2 Rc2+ 49. Kd1 Rb2 50. Ra7# 1-0

[Event "HUN-chT U18"]
[Site "Budapest"]
[Date "2021.10.27"]
[Round "7.31"]
[White "Molnar, Bendeguz"]
[Black "Csernyik, Mark"]
[Result "0-1"]
[WhiteElo "1241"]
[BlackElo "1914"]
[PlyCount "68"]
[EventDate "2021.10.24"]
[EventType "team-tourn"]
[EventRounds "7"]
[EventCountry "HUN"]
[SourceTitle "CBM 205 Extra"]
[Source "ChessBase"]
[SourceDate "2022.01.31"]
[SourceVersion "1"]
[SourceVersionDate "2022.01.31"]
[SourceQuality "1"]

1. d4 Nf6 2. c4 g6 3. Nc3 Bg7 4. Bg5 d6 5. Nf3 Nbd7 6. e3 h6 7. Bh4 c5 8. Qc2 cxd4 9. exd4 0-0 10. Bd3 Re8 11. 0-0 e5 12. Ne4 Qc7 13. Rad1 Nxe4 14. Bxe4 f5 15. Bd5+ Kh7 16. dxe5 dxe5 17. Qb3 Nc5 18. Qc2 Be6 19. b4 Na6 20. a3 Rac8 21. h3 Bxd5 22. Rxd5 Qxc4 23. Qxc4 Rxc4 24. Rfd1 e4 25. Ne1 e3 26. fxe3 Rxh4 27. Rd7 Rhe4 28. Nf3 R8e7 29. R7d6 Rxe3 30. Nh4 R3e6 31. Rd7 Nb8 32. R7d6 a6 33. Rxe6 Rxe6 34. Rd8 Nc6 0-1

[Event "HUN-ch U12"]
[Site "Tapolca"]
[Date "2021.08.05"]
[Round "5"]
[White "Csernyik, Mark"]
[Black "Matyassy, Lazar"]
[Result "0-1"]
[WhiteElo "1873"]
[BlackElo "2051"]
[PlyCount "84"]
[EventDate "2021.08.01"]
[EventType "swiss"]
[EventRounds "7"]
[EventCountry "HUN"]
[SourceTitle "EXT 2022"]
[Source "ChessBase"]
[SourceDate "2021.10.06"]
[SourceVersion "1"]
[SourceVersionDate "2021.10.06"]
[SourceQuality "1"]

1. e4 c5 2. Nf3 Nc6 3. d4 cxd4 4. Nxd4 Nf6 5. Nc3 d6 6. Bc4 e5 7. Nxc6 bxc6 8. 0-0 Be7 9. Bb3 0-0 10. h3 a5 11. a4 Be6 12. Bxe6 fxe6 13. Qe2 Qc7 14. Re1 Rf7 15. b3 Raf8 16. Bg5 Nd5 17. exd5 Bxg5 18. dxe6 Rxf2 19. Qc4 d5 20. Nxd5 Qa7 21. Ne3 Bxe3 22. e7+ R2f7+ 23. Kh1 Re8 24. Rad1 Bf4 25. g3 Bxg3 26. Rg1 Qf2 27. Rg2 Qf4 28. Qxc6 Rfxe7 29. Qd5+ Kh8 30. Qd3 Bh4 31. Rg4 e4 32. Rxf4 exd3 33. cxd3 Bf6 34. Kg2 Rb7 35. Re4 Reb8 36. d4 Rxb3 37. d5 R3b4 38. Re6 h6 39. d6 Kh7 40. d7 Rd8 41. h4 Rxa4 42. h5 Rd4 0-1

[Event "EU-ch U10"]
[Site "Bratislava"]
[Date "2019.08.10"]
[Round "9"]
[White "Csernyik, Mark"]
[Black "Butolo, Alexandru Mircea"]
[Result "1-0"]
[WhiteElo "1771"]
[BlackElo "1522"]
[PlyCount "85"]
[EventDate "2019.08.02"]
[EventType "swiss"]
[EventRounds "9"]
[EventCountry "SVK"]
[SourceTitle "EXT 2020"]
[Source "ChessBase"]
[SourceDate "2019.10.17"]
[SourceVersion "1"]
[SourceVersionDate "2019.10.17"]
[SourceQuality "1"]

1. e4 c5 2. d4 cxd4 3. c3 dxc3 4. Nxc3 e6 5. Nf3 d6 6. Bc4 a6 7. 0-0 b5 8. Bb3 Nc6 9. Qe2 Be7 10. Rd1 Ra7 11. Be3 Rd7 12. Rac1 Na5 13. Nd4 Nxb3 14. axb3 Bb7 15. Na2 Bg5 16. Nxe6 fxe6 17. Qh5+ g6 18. Bxg5 gxh5 19. Bxd8 Kxd8 20. Nb4 Ne7 21. Ra1 Rg8 22. f3 Ke8 23. Nxa6 Nc6 24. f4 Kf7 25. Nc5 Rc7 26. Rxd6 Nd8 27. b4 Ke7 28. Rad1 Bc6 29. g3 h4 30. Rxd8 Rxd8 31. Rxd8 hxg3 32. Rh8 gxh2+ 33. Kxh2 Kf6 34. e5+ Kg6 35. Nxe6 Ra7 36. Rg8+ Kh6 37. Kg3 Bd5 38. Re8 Kg6 39. Nc5 Ra2 40. b3 Kh5 41. Rd8 Bc6 42. Rd6 Be8 43. Ne6 1-0

[Event "EU-ch U10"]
[Site "Bratislava"]
[Date "2019.08.06"]
[Round "5"]
[White "La Barbera, Manfredi"]
[Black "Csernyik, Mark"]
[Result "0-1"]
[WhiteElo "1526"]
[BlackElo "1771"]
[PlyCount "91"]
[EventDate "2019.08.02"]
[EventType "swiss"]
[EventRounds "9"]
[EventCountry "SVK"]
[SourceTitle "EXT 2020"]
[Source "ChessBase"]
[SourceDate "2019.10.17"]
[SourceVersion "1"]
[SourceVersionDate "2019.10.17"]
[SourceQuality "1"]

1. e4 d5 2. exd5 Qxd5 3. Nc3 Qd6 4. Nf3 Nf6 5. d4 a6 6. g3 Bg4 7. Bg2 Nc6 8. 0-0 0-0-0 9. Bf4 Qb4 10. Qd3 Bxf3 11. Bxf3 Nxd4 12. Rfd1 Ne6 13. Nd5 Qc5 14. Be3 Qd6 15. Qc3 Nxd5 16. Rxd5 Qxd5 17. Bxd5 Rxd5 18. Qc4 Rd6 19. Qg4 g6 20. Rd1 h5 21. Qf3 Rxd1+ 22. Qxd1 Bg7 23. c3 Rd8 24. Qf3 Bf6 25. h4 Ng7 26. Bg5 Bxg5 27. hxg5 Nf5 28. Qe2 e6 29. Kf1 Rd5 30. Ke1 Nd6 31. f4 Nf5 32. Qf3 Ra5 33. a3 Rb5 34. Qf2 Rd5 35. Ke2 Nd6 36. b3 Rd2+ 37. Kxd2 Ne4+ 38. Ke3 Nxf2 39. Kxf2 Kd7 40. Ke3 c5 41. c4 b5 42. cxb5 axb5 43. a4 c4 44. bxc4 bxa4 45. Kd3 Kc6 46. Kc3 0-1

[Event "EU-ch U10"]
[Site "Bratislava"]
[Date "2019.08.02"]
[Round "1"]
[White "Csernyik, Mark"]
[Black "Oglaza, Dawid"]
[Result "1-0"]
[WhiteElo "1771"]
[BlackElo "1345"]
[PlyCount "45"]
[EventDate "2019.08.02"]
[EventType "swiss"]
[EventRounds "9"]
[EventCountry "SVK"]
[SourceTitle "EXT 2020"]
[Source "ChessBase"]
[SourceDate "2019.10.17"]
[SourceVersion "1"]
[SourceVersionDate "2019.10.17"]
[SourceQuality "1"]

1. e4 e5 2. Nf3 Nc6 3. d4 exd4 4. Bc4 d6 5. c3 Ne5 6. Nxe5 dxe5 7. 0-0 Nf6 8. f4 Bc5 9. Qb3 d3+ 10. Kh1 Nxe4 11. Bxf7+ Kf8 12. Bh5 Qf6 13. Qa4 Nd6 14. Nd2 b5 15. Qd1 exf4 16. Nb3 Ne4 17. Nxc5 Nxc5 18. Rxf4 Bf5 19. Qf3 Ke7 20. Rxf5 Qe6 21. Bg5+ Kd6 22. Bf7 Qe4 23. Rd5+ 1-0